| 000 | 00715pam a2200193 a 4500 | ||
|---|---|---|---|
| 020 | _a0309050235 : | ||
| 082 | 0 | 0 |
_a625.76 _bNAT |
| 245 | 0 | 0 | _aHighway maintenance operations and research 1990. |
| 260 |
_aWashington, D.C. : _bTransportation Research Board, National Research Council, _c1990. |
||
| 300 |
_aviii, 208 p. : _bill., maps ; _c28 cm. |
||
| 490 | 1 | _aTransportation research record, | |
| 526 |
_a0 _b0 _c0 _d625_760000000000000_NAT |
||
| 650 | 0 |
_aMCE _9379 |
|
| 650 | 0 |
_aPavements _xMaintenance and repair. _920806 |
|
| 650 | 0 |
_aRoads _xMaintenance and repair _xManagement. _921272 |
|
| 650 | 0 |
_aRoads _xMaintenance and repair. _919609 |
|
| 710 | 2 |
_aNational Research Council (U.S.). _920017 |
|
| 942 |
_2ddc _cBK |
||
| 999 |
_c547544 _d547544 |
||